1001 Questions - Answered about insects

Sparad:
Bibliografiska uppgifter
Huvudupphovsman: Alexander B Klots
Materialtyp: Bok
Språk:Undetermined
Publicerad: New York Dood, Mead&Company 1981
Ämnen:
Taggar: Lägg till en tagg
Inga taggar, Lägg till första taggen!
Thư viện lưu trữ: Trung tâm Học liệu Trường Đại học Cần Thơ
LEADER 00519nam a2200181Ia 4500
001 CTU_30043
008 210402s9999 xx 000 0 und d
082 |a 595.7 
082 |b K66 
100 |a Alexander B Klots 
245 0 |a 1001 Questions - Answered about insects 
245 0 |c Alexander B Klots, Elsie B Klots 
260 |a New York 
260 |b Dood, Mead&Company 
260 |c 1981 
650 |a insects,insects - biology 
904 |i Liên, 990224 
980 |a Trung tâm Học liệu Trường Đại học Cần Thơ